Handball-Weltmeister der Herren - Statistiken

Allgemein
  • Dieses Quiz wurde 2.447 mal gespielt
    2.282 seit der letzten Aktualisierung
  • Das Durchschnittsergebnis liegt bei 21 aus 27
Antwortstatistiken
Jahr Weltmeister % Korrekt
1938 Deutschland
100%
2007 Deutschland
100%
1978 BR Deutschland
99%
1995 Frankreich
97%
2001 Frankreich
97%
2009 Frankreich
97%
2011 Frankreich
97%
2015 Frankreich
97%
2017 Frankreich
97%
2019 Dänemark
96%
2021 Dänemark
96%
2005 Spanien
95%
2013 Spanien
95%
1954 Schweden
94%
1958 Schweden
94%
1990 Schweden
94%
1999 Schweden
94%
1993 Russland
71%
1997 Russland
71%
2003 Kroatien
66%
1982 Sowjetunion
53%
1986 Jugoslawien
48%
1967 Tschechoslowakei
29%
1961 Rumänien
26%
1964 Rumänien
26%
1970 Rumänien
26%
1974 Rumänien
26%
Keine übereinstimmenden Quizze gefunden
Verteilung der Resultate
Anzahl Personen mit jedem Resultat
Perzentil nach korrekt beantworteten Fragen
Ihre Resultats-Entwicklung
Sie haben dieses Quiz seit der letzten Aktualisierung nicht gespielt